| 000 | 01084nmb a2200289uu 4500 | ||
|---|---|---|---|
| 001 | 03229 | ||
| 003 | HDC | ||
| 007 | cr aa aaaau | ||
| 008 | 210104p2016 my ||||| |||| 00| 0 eng d | ||
| 040 | _aHDC | ||
| 100 |
_aDubé, François N. _eauthor _92223 |
||
| 245 | 0 |
_aHalal Certification System As A Key Determinant Of Firm Internationalisation In The Philippines And Malaysia / by _cFrançois N. Dubé, Yang HaiJuan, Huang Lijun |
|
| 260 |
_aPenang, Malaysia : _bUSM Press, _c2016 |
||
| 300 |
_a1 online resource (17 pages) : _billustrations |
||
| 336 |
_atext _2rdacontent |
||
| 337 |
_acomputer _2rdamedia |
||
| 338 |
_aonline resource _2rdacarrier |
||
| 650 |
_afirm internationalisation _92227 |
||
| 650 |
_aHalal food _950 |
||
| 650 |
_ahalal industry _9144 |
||
| 700 |
_aHuang, Lijun _eauthor _91067 |
||
| 700 |
_aYang, HaiJuan _eauthor _91066 |
||
| 856 | _zRequest full-text at [email protected] | ||
| 942 | _2lcc | ||
| 942 | _cAR | ||
| 942 | _kJART 001098 | ||
| 999 |
_c615 _d615 |
||